书目信息 |
| 题名: |
唐诗宋词里的趣事
|
|
| 作者: | 季风 著 | |
| 分册: | ||
| 出版信息: | 北京 北京大学出版社 2016 |
|
| 页数: | 235页 | |
| 开本: | 21cm | |
| 丛书名: | ||
| 单 册: | ||
| 中图分类: | I207.227.42 , I207.23 | |
| 科图分类: | ||
| 主题词: | 唐诗--tang shi--鉴赏 , 宋词--song ci--鉴赏 | |
| 电子资源: | ||
| ISBN: | 978-7-301-27491-0 | |
| 000 | 00882nam0 22002531 450 | |
| 001 | 1754460715 | |
| 005 | 20170516112211.0 | |
| 010 | @a978-7-301-27491-0@dCNY32.00 | |
| 100 | @a20161018d2016 em y0chiy50 ea | |
| 101 | 0 | @achi |
| 102 | @aCN@b110000 | |
| 105 | @ay z 000yy | |
| 106 | @ar | |
| 200 | 1 | @a唐诗宋词里的趣事@9tang shi song ci li de qu shi@f季风著 |
| 210 | @a北京@c北京大学出版社@d2016 | |
| 215 | @a235页@d21cm | |
| 330 | @a本书以古代诗词创作最为繁荣的唐宋两朝为时代背景,收录当时的数十首名家名作,选取不同的视角进行解读,从而让我们能够更多地了解诗词背后的人和事,感受他们的喜悦和哀愁,进而带给广大读者美好的阅读体验。 | |
| 606 | 0 | @a唐诗@9tang shi@x鉴赏 |
| 606 | 0 | @a宋词@9song ci@x鉴赏 |
| 690 | @aI207.227.42@v5 | |
| 690 | @aI207.23@v5 | |
| 701 | 0 | @a季风@9ji feng@c(教育)@4著 |
| 801 | 0 | @aCN@b百万庄@c20170512 |
| 905 | @b1004904-9@dI207.227.42@e1008@f6 | |
| 唐诗宋词里的趣事/季风著.-北京:北京大学出版社,2016 |
| 235页;21cm |
| ISBN 978-7-301-27491-0:CNY32.00 |
| 本书以古代诗词创作最为繁荣的唐宋两朝为时代背景,收录当时的数十首名家名作,选取不同的视角进行解读,从而让我们能够更多地了解诗词背后的人和事,感受他们的喜悦和哀愁,进而带给广大读者美好的阅读体验。 |
| ● |
| 相关链接 |
|
|
|
|
正题名:唐诗宋词里的趣事
索取号:I207.227.42/1008
 
预约/预借
| 序号 | 登录号 | 条形码 | 馆藏地/架位号 | 状态 | 备注 |
| 1 | 1004904 | 210049044 | 第一样本阅览室/ [索取号:I207.227.42/1008] | 在馆 | |
| 2 | 1004905 | 210049053 | 教育系资料室/ [索取号:I207.227.42/1008] | 在馆 | |
| 3 | 1004906 | 210049062 | 教育系资料室/ [索取号:I207.227.42/1008] | 在馆 | |
| 4 | 1004907 | 210049071 | 教育系资料室/ [索取号:I207.227.42/1008] | 在馆 | |
| 5 | 1004908 | 210049080 | 第二借阅区/ [索取号:I207.227.42/1008] | 在馆 | |
| 6 | 1004909 | 210049099 | 第二借阅区/ [索取号:I207.227.42/1008] | 在馆 |